[Event "23. Copenhagen Open  (Politiken Cup)"]
[Site "Copenhagen"]
[Date "2001.07.26"]
[Round "11"]
[White "Pedersen, Kaj Vinding"]
[Black "Hoff, Terje"]
[Result "1-0"]
[WhiteElo "1549"]
[BlackElo "2038"]
[PlyCount "75"]
[EventDate "2001.07.16"]
[EventType "swiss"]
[EventRounds "11"]
[EventCountry "DEN"]
[SourceDate "2004.01.01"]

1. d4 Nf6 2. Nf3 g6 3. Bf4 d6 4. e3 Bg7 5. c3 O-O 6. h3 Nbd7 7. Nbd2 Re8 8. e4
c5 9. d5 Qa5 10. Nc4 Qc7 11. e5 Nh5 12. exd6 exd6+ 13. Be3 b5 14. Ncd2 Bh6 15.
Bxb5 Bxe3 16. fxe3 Rxe3+ 17. Kf2 Re7 18. Re1 Ne5 19. Nxe5 dxe5 20. Ne4 Qb6 21.
c4 Bd7 22. d6 Bxb5 23. dxe7 Bxc4 24. b3 Bb5 25. Qd6 Nf4 26. Qxb6 axb6 27. Rad1
Ne6 28. Rd6 Kg7 29. a4 Be8 30. Red1 Ra7 31. Rxb6 Rxe7 32. Rd5 f5 33. Nxc5 Nd4
34. Nd3 Nc6 35. Rd6 Nd4 36. Nxe5 Rxe5 37. Rxd4 g5 38. Rb7+ 1-0

[Event "23. Copenhagen Open  (Politiken Cup)"]
[Site "Copenhagen"]
[Date "2001.07.26"]
[Round "11"]
[White "Petersen, Nils"]
[Black "Skovgaard, Peter Nicolai"]
[Result "1/2-1/2"]
[WhiteElo "2050"]
[BlackElo "1688"]
[PlyCount "109"]
[EventDate "2001.07.16"]
[EventType "swiss"]
[EventRounds "11"]
[EventCountry "DEN"]
[SourceDate "2004.01.01"]

1. c4 e5 2. Nc3 Nc6 3. Nf3 Nf6 4. e3 d5 5. d4 exd4 6. Nxd4 Bb4 7. Nxc6 bxc6 8.
Bd2 O-O 9. Be2 Re8 10. O-O Bxc3 11. Bxc3 Ne4 12. cxd5 Nxc3 13. bxc3 cxd5 14.
Bf3 c6 15. Qa4 Re6 16. c4 Qh4 17. Rfc1 Rh6 18. h3 Bxh3 19. g3 Rg6 20. Bg2 Qg4
21. Qd1 Bxg2 22. Qxg4 Rxg4 23. Kxg2 Rxc4 24. Rxc4 dxc4 25. Rc1 a5 26. Rxc4 Ra6
27. Kf3 Kf8 28. Ke4 Ke7 29. Kd4 Kd6 30. Rc5 g6 31. g4 a4 32. a3 f6 33. f4 h6
34. e4 Ra7 35. e5+ fxe5+ 36. fxe5+ Kd7 37. Ke4 Ra6 38. Kf4 Ke6 39. Ke4 h5 40.
gxh5 gxh5 41. Rc3 h4 42. Rf3 Rb6 43. Rf6+ Kd7 44. Rf7+ Ke8 45. Rh7 Rb3 46. Rxh4
Rxa3 47. Kf5 Rf3+ 48. Ke6 a3 49. Ra4 Kd8 50. Kd6 Rd3+ 51. Kxc6 Ke7 52. Kc5 Ke6
53. Kc4 Rh3 54. Ra5 a2 55. Rxa2 1/2-1/2

[Event "23. Copenhagen Open  (Politiken Cup)"]
[Site "Copenhagen"]
[Date "2001.07.26"]
[Round "11"]
[White "Petersen, Peter Birk"]
[Black "Nielsen, Dagh"]
[Result "1-0"]
[WhiteElo "2230"]
[BlackElo "1982"]
[PlyCount "69"]
[EventDate "2001.07.16"]
[EventType "swiss"]
[EventRounds "11"]
[EventCountry "DEN"]
[SourceDate "2004.01.01"]

1. e4 c5 2. Nf3 Nc6 3. d4 cxd4 4. Nxd4 Nf6 5. Nc3 d6 6. Be2 g6 7. O-O Bg7 8.
Nb3 O-O 9. Re1 a5 10. a4 Be6 11. Bf1 Bxb3 12. cxb3 Rc8 13. Be3 Nb4 14. Bg5 Rc5
15. Bh4 Qd7 16. Bc4 Rfc8 17. Qe2 e6 18. Rad1 d5 19. Bxf6 Bxf6 20. exd5 exd5 21.
Ne4 R5c6 22. Bb5 Qe7 23. Bxc6 bxc6 24. Nxf6+ Qxf6 25. Qe5 Qxe5 26. Rxe5 Kf8 27.
Kf1 Rb8 28. Ke2 Na6 29. Re3 Nc5 30. Rc3 Nxb3 31. Rxc6 d4 32. Kd3 h5 33. Re1 Rb7
34. Re5 Kg7 35. Rb5 1-0

[Event "23. Copenhagen Open  (Politiken Cup)"]
[Site "Copenhagen"]
[Date "2001.07.26"]
[Round "11"]
[White "Preuss, Flemming"]
[Black "Hansen, Ib Lynaes"]
[Result "1-0"]
[WhiteElo "2062"]
[BlackElo "1866"]
[PlyCount "53"]
[EventDate "2001.07.16"]
[EventType "swiss"]
[EventRounds "11"]
[EventCountry "DEN"]
[SourceDate "2004.01.01"]

1. e4 e5 2. Nf3 Nc6 3. d4 exd4 4. c3 d3 5. Bxd3 d6 6. h3 Be7 7. O-O Nf6 8. Nd4
Ne5 9. Bc2 h6 10. f4 Nc6 11. Nd2 Bd7 12. N2f3 O-O 13. Qd3 Nh7 14. Bd2 g6 15.
Rae1 Qe8 16. e5 Nxd4 17. Nxd4 dxe5 18. fxe5 Bg5 19. e6 fxe6 20. Nxe6 Rxf1+ 21.
Kxf1 Bxd2 22. Qxd2 Bxe6 23. Rxe6 Qf7+ 24. Kg1 Nf8 25. Rxg6+ Nxg6 26. Bb3 Rf8
27. Qxh6 1-0

[Event "23. Copenhagen Open  (Politiken Cup)"]
[Site "Copenhagen"]
[Date "2001.07.26"]
[Round "11"]
[White "Schmidt, Horst Hubert"]
[Black "Jorgensen, Orla Eilegaard"]
[Result "0-1"]
[WhiteElo "1674"]
[BlackElo "1403"]
[PlyCount "66"]
[EventDate "2001.07.16"]
[EventType "swiss"]
[EventRounds "11"]
[EventCountry "DEN"]
[SourceDate "2004.01.01"]

1. d4 Nf6 2. c4 c5 3. d5 d6 4. Nc3 e6 5. e4 exd5 6. cxd5 g6 7. Bf4 a6 8. a4 Bg7
9. a5 O-O 10. Bd3 Re8 11. Nge2 b6 12. axb6 Qxb6 13. O-O Nbd7 14. Na4 Qc7 15. f3
Nh5 16. Be3 Ne5 17. Rc1 Bd7 18. Bc2 Bb5 19. Nac3 Nc4 20. Nxb5 axb5 21. Qd3 Nxb2
22. Qxb5 Reb8 23. Qc6 Qxc6 24. dxc6 Rc8 25. Bb3 Ra3 26. Bxc5 dxc5 27. Bxf7+
Kxf7 28. Rxc5 Re3 29. Rc2 Nd3 30. Rb1 Be5 31. Rb5 Nhf4 32. Ng3 Re1+ 33. Nf1
Bd4+ 0-1

[Event "23. Copenhagen Open  (Politiken Cup)"]
[Site "Copenhagen"]
[Date "2001.07.26"]
[Round "11"]
[White "Schmied, Andreas"]
[Black "Hesselberg, Leif"]
[Result "1-0"]
[WhiteElo "2138"]
[BlackElo "1800"]
[PlyCount "53"]
[EventDate "2001.07.16"]
[EventType "swiss"]
[EventRounds "11"]
[EventCountry "DEN"]
[SourceDate "2004.01.01"]

1. d4 d5 2. c4 c6 3. Nf3 Nf6 4. Nc3 dxc4 5. a4 Bg4 6. e3 e6 7. Bxc4 Bb4 8. O-O
O-O 9. Qb3 a5 10. Ne5 Qc7 11. Nxg4 Nxg4 12. g3 Nf6 13. Bd3 Rd8 14. Rd1 Na6 15.
Bd2 Nc5 16. Bxh7+ Kxh7 17. dxc5 Bxc5 18. Ne2 Kg8 19. Qc4 Bb6 20. Qh4 Rd7 21.
Bc3 Nd5 22. Bd4 Bxd4 23. Rxd4 Nf6 24. Rad1 Rad8 25. Nc3 Qb6 26. Ne4 Nxe4 27.
Rxd7 1-0

[Event "23. Copenhagen Open  (Politiken Cup)"]
[Site "Copenhagen"]
[Date "2001.07.26"]
[Round "11"]
[White "Schonberg, Niels Peder"]
[Black "Andersen, Matias Lolk"]
[Result "1/2-1/2"]
[WhiteElo "1214"]
[BlackElo "1146"]
[PlyCount "40"]
[EventDate "2001.07.16"]
[EventType "swiss"]
[EventRounds "11"]
[EventCountry "DEN"]
[SourceDate "2004.01.01"]

1. b3 d5 2. d4 Bf5 3. Bb2 e6 4. e3 Nf6 5. Nd2 a6 6. h3 h6 7. Ngf3 Nbd7 8. a3 c5
9. c3 Qc7 10. Nh4 Bh7 11. Be2 Bd6 12. Nhf3 Rc8 13. Rc1 O-O 14. c4 Qb6 15. cxd5
exd5 16. dxc5 Bxc5 17. Bd4 Bxd4 18. Nxd4 Rc7 19. Rxc7 Qxc7 20. O-O Rc8 1/2-1/2

[Event "23. Copenhagen Open  (Politiken Cup)"]
[Site "Copenhagen"]
[Date "2001.07.26"]
[Round "11"]
[White "Simonsen, Hans Kristian"]
[Black "Hassan, Omar Elsayed"]
[Result "0-1"]
[WhiteElo "1930"]
[BlackElo "2100"]
[PlyCount "73"]
[EventDate "2001.07.16"]
[EventType "swiss"]
[EventRounds "11"]
[EventCountry "DEN"]
[SourceDate "2004.01.01"]

1. Nf3 d5 2. g3 Nf6 3. Bg2 Bg4 4. O-O Nbd7 5. c4 e6 6. d4 c6 7. Nbd2 Be7 8. b3
O-O 9. Bb2 a5 10. Ne5 Bf5 11. Re1 Bb4 12. a3 Bxd2 13. Qxd2 Ne4 14. Qe3 a4 15.
b4 Nd6 16. c5 Nxe5 17. dxe5 Nc4 18. Qc1 Qb8 19. e4 Bg6 20. Bd4 Re8 21. Qc3 Qc7
22. Rac1 Rec8 23. Bf1 b5 24. cxb6 Nxb6 25. b5 dxe4 26. Qxc6 Qxc6 27. Rxc6 Nd5
28. Rxc8+ Rxc8 29. Ba7 Rc3 30. b6 Rb3 31. Rd1 Bh5 32. Bc4 Rxb6 33. Bxb6 Bxd1
34. Kf1 $4 Nxb6 35. Bb5 Kf8 36. Ke1 Bb3 37. Kd2 0-1

[Event "23. Copenhagen Open  (Politiken Cup)"]
[Site "Copenhagen"]
[Date "2001.07.26"]
[Round "11"]
[White "Simonsen, Per"]
[Black "Skovgaard, Tom"]
[Result "1/2-1/2"]
[WhiteElo "1723"]
[BlackElo "2065"]
[PlyCount "117"]
[EventDate "2001.07.16"]
[EventType "swiss"]
[EventRounds "11"]
[EventCountry "DEN"]
[SourceDate "2004.01.01"]

1. d4 Nf6 2. c4 e6 3. Nc3 Bb4 4. Bg5 c5 5. d5 d6 6. a3 Bxc3+ 7. bxc3 h6 8. Bh4
e5 9. f3 g5 10. Bf2 e4 11. e3 Qe7 12. Ne2 Nbd7 13. Ng3 Nf8 14. Qc2 exf3 15.
gxf3 Ng6 16. Be2 h5 17. O-O-O Kd8 18. Rhe1 h4 19. Nf5 Qe5 20. Bd3 Qxh2 21. f4
Kc7 22. Rh1 Qg2 23. Rhg1 Qf3 24. Rxg5 Ng4 25. Bg1 Nf6 26. Rf1 Qh3 27. Kb2 Bd7
28. e4 Rag8 29. Bh2 Nxe4 30. Nxd6 Nxd6 31. f5 Ne7 32. Qd2 Rxg5 33. Qxg5 Qxh2+
34. Kb3 Nexf5 35. Bxf5 Bxf5 36. Rxf5 Nxf5 37. Qxf5 Qd6 38. Qxf7+ Qd7 39. Qf4+
Kc8 40. d6 h3 41. Qe5 b6 42. Qxh8+ Kb7 43. Qe5 a6 44. Qd5+ Kb8 45. Qg8+ Kb7 46.
Qd5+ Kb8 47. Qg8+ Ka7 48. Qg3 Qh7 49. Kb2 h2 50. d7 h1=Q 51. Qc7+ Qb7 52. Qxb7+
Kxb7 53. d8=Q Qh2+ 54. Kb3 Qh7 55. Qd5+ Ka7 56. Kb2 Qh2+ 57. Kb3 Qh7 58. Kb2
Qh2+ 59. Kb3 1/2-1/2

[Event "23. Copenhagen Open  (Politiken Cup)"]
[Site "Copenhagen"]
[Date "2001.07.26"]
[Round "11"]
[White "Skjoldan, Benjamin"]
[Black "Paaske, Asger"]
[Result "0-1"]
[WhiteElo "1720"]
[BlackElo "2062"]
[PlyCount "58"]
[EventDate "2001.07.16"]
[EventType "swiss"]
[EventRounds "11"]
[EventCountry "DEN"]
[SourceDate "2004.01.01"]

1. d4 Nf6 2. c4 g6 3. Nc3 d5 4. e3 Bg7 5. Nf3 O-O 6. Be2 dxc4 7. Bxc4 b6 8. O-O
Bb7 9. b4 c5 10. bxc5 bxc5 11. Bb2 Qa5 12. dxc5 Qxc5 13. Bb3 Nbd7 14. Rc1 Qa5
15. Na4 Rad8 16. Bc3 Qh5 17. Nd4 Ng4 18. h3 Nde5 19. Qe2 Rxd4 20. exd4 Bf3 21.
gxf3 Qxh3 22. fxg4 Nf3+ 23. Qxf3 Qxf3 24. Bd1 Qf4 25. Bb2 Bxd4 26. Bxd4 Qxc1
27. Be3 Qc4 28. a3 Rd8 29. Nc5 Rxd1 0-1

[Event "23. Copenhagen Open  (Politiken Cup)"]
[Site "Copenhagen"]
[Date "2001.07.26"]
[Round "11"]
[White "Sylvan, Jacob"]
[Black "Laustsen, Lars"]
[Result "1-0"]
[WhiteElo "2272"]
[BlackElo "1955"]
[PlyCount "51"]
[EventDate "2001.07.16"]
[EventType "swiss"]
[EventRounds "11"]
[EventCountry "DEN"]
[SourceDate "2004.01.01"]

1. e4 c5 2. Nf3 d6 3. d4 cxd4 4. Nxd4 Nf6 5. Nc3 a6 6. f3 e6 7. Be3 Nc6 8. Qd2
d5 9. O-O-O dxe4 10. Nxe4 Nxe4 11. fxe4 Be7 12. Nxc6 Qxd2+ 13. Rxd2 bxc6 14. e5
a5 15. Be2 Ba6 16. Bf3 Rc8 17. Rhd1 Bc4 18. Rd7 Bxa2 19. Rxe7+ Kxe7 20. Bc5+
Ke8 21. b3 a4 22. Kb2 axb3 23. cxb3 Bxb3 24. Kxb3 f6 25. exf6 Kf7 26. fxg7 1-0

[Event "23. Copenhagen Open  (Politiken Cup)"]
[Site "Copenhagen"]
[Date "2001.07.26"]
[Round "11"]
[White "Tandrup, Michael"]
[Black "Nielsen, Marianne Izaura"]
[Result "1-0"]
[WhiteElo "1795"]
[BlackElo "1371"]
[PlyCount "48"]
[EventDate "2001.07.16"]
[EventType "swiss"]
[EventRounds "11"]
[EventCountry "DEN"]
[SourceDate "2004.01.01"]

1. e4 g6 2. d4 d6 3. f4 Bg7 4. Nf3 Nf6 5. Nc3 O-O 6. Bd3 Nc6 7. e5 dxe5 8. fxe5
Ng4 9. h3 Nh6 10. Ne2 f6 11. exf6 exf6 12. O-O Nf5 13. c3 Re8 14. Bc4+ Kh8 15.
Qd3 Na5 16. Bb5 c6 17. Ba4 b5 18. Bb3 Rxe2 19. Qxe2 Ng3 20. Qf2 Nxf1 21. Bc2
Qc7 22. Kxf1 Be6 23. Qh4 Re8 24. Bxg6 h6 1-0

[Event "23. Copenhagen Open  (Politiken Cup)"]
[Site "Copenhagen"]
[Date "2001.07.26"]
[Round "11"]
[White "Thompson, Ian D"]
[Black "Brinck Claussen, Bjorn"]
[Result "1/2-1/2"]
[WhiteElo "2240"]
[BlackElo "2355"]
[PlyCount "37"]
[EventDate "2001.07.16"]
[EventType "swiss"]
[EventRounds "11"]
[EventCountry "DEN"]
[SourceDate "2004.01.01"]

1. c4 Nf6 2. g3 e5 3. Bg2 d5 4. cxd5 Nxd5 5. Nf3 Nc6 6. O-O Be7 7. d4 e4 8. Ne5
Nxe5 9. dxe5 Bf5 10. Bxe4 Bxe4 11. Qa4+ Qd7 12. Qxe4 O-O-O 13. Nc3 Nxc3 14.
bxc3 Qd5 15. Qxd5 Rxd5 16. f4 Bc5+ 17. Kg2 Bb6 18. Kf3 Ba5 19. Be3 1/2-1/2

[Event "23. Copenhagen Open  (Politiken Cup)"]
[Site "Copenhagen"]
[Date "2001.07.26"]
[Round "11"]
[White "Aabling Thomsen, Jakob"]
[Black "Christensen, Esben"]
[Result "0-1"]
[WhiteElo "1889"]
[BlackElo "2115"]
[PlyCount "76"]
[EventDate "2001.07.16"]
[EventType "swiss"]
[EventRounds "11"]
[EventCountry "DEN"]
[SourceDate "2004.01.01"]

1. d4 Nf6 2. c4 c5 3. d5 b5 4. cxb5 a6 5. bxa6 Bxa6 6. Nc3 g6 7. Nf3 d6 8. g3
Bg7 9. Bg2 O-O 10. O-O Nbd7 11. Qc2 Qb6 12. Nd2 Rfb8 13. h3 Qb4 14. Re1 Ne5 15.
f4 Nc4 16. Nxc4 Bxc4 17. Rd1 Bb3 18. Qd2 Bxd1 19. Nxd1 Qxd2 20. Bxd2 Nh5 21.
Kf2 Bxb2 22. Nxb2 Rxb2 23. Be3 Raxa2 24. Rxa2 Rxa2 25. g4 Nf6 26. Bf3 Ra1 27.
Bd2 Rd1 28. Ke3 c4 29. g5 Nd7 30. Be4 Nb6 31. Ba5 Nxd5+ 32. Kf3 e6 33. Bxd5
Rxd5 34. Bc3 Kf8 35. h4 Ke8 36. h5 Kd7 37. hxg6 hxg6 38. Kg4 Rd1 0-1

[Event "23. Copenhagen Open  (Politiken Cup)"]
[Site "Copenhagen"]
[Date "2001.07.26"]
[Round "11"]
[White "Ward, Christopher"]
[Black "Lezcano Jaen, Pedro"]
[Result "1/2-1/2"]
[WhiteElo "2493"]
[BlackElo "2386"]
[PlyCount "133"]
[EventDate "2001.07.16"]
[EventType "swiss"]
[EventRounds "11"]
[EventCountry "DEN"]
[SourceDate "2004.01.01"]

1. d4 Nf6 2. c4 e6 3. Nc3 Bb4 4. Qc2 O-O 5. e4 c5 6. a3 Bxc3+ 7. bxc3 d6 8.
dxc5 Qa5 9. cxd6 Nxe4 10. Bd3 Nxd6 11. Bxh7+ Kh8 12. Bd3 Nd7 13. Nf3 Ne5 14.
Nxe5 Qxe5+ 15. Be3 Nf5 16. Bxf5 Qxf5 17. Qxf5 exf5 18. O-O-O Be6 19. c5 Rfc8
20. Kb2 f4 21. Bd4 b6 22. cxb6 axb6 23. Rhe1 Ra5 24. Re5 Rca8 25. Ra1 Kh7 26.
Kc2 Rxa3 27. Rxa3 Rxa3 28. Bxb6 Ra6 29. Bd4 Rd6 30. Kd3 Rd5 31. Ke4 Rxe5+ 32.
Bxe5 g5 33. Kd4 Kg6 34. c4 Bc8 35. f3 Kf5 36. h3 Ke6 37. Bc7 Ba6 38. Bd8 f6 39.
Kc5 Ke5 40. Be7 Ke6 41. Bd8 Ke5 42. Ba5 Kf5 43. Kd5 Kg6 44. Be1 Bb7+ 45. Kc5
Ba6 46. Kb4 Kh5 47. Bc3 Kg6 48. Bd4 Kf7 49. Bc3 Kg6 50. Kc5 Kf7 51. Be1 Kg6 52.
Kd4 Kh5 53. Bf2 Kg6 54. Kd5 Kh5 55. Bb6 Kg6 56. Bd8 Kf7 57. Bc7 Kg6 58. Kd4 Kh5
59. Bd6 Kg6 60. h4 Kh5 61. hxg5 fxg5 62. c5 Bf1 63. g4+ fxg3 64. Bxg3 Bb5 65.
Kd5 Be2 66. Ke4 Bb5 67. Kd5 1/2-1/2

[Event "23. Copenhagen Open  (Politiken Cup)"]
[Site "Copenhagen"]
[Date "2001.07.26"]
[Round "11"]
[White "Zachariassen, John"]
[Black "Wilsbeck, Jan Borge"]
[Result "0-1"]
[WhiteElo "1864"]
[BlackElo "1761"]
[PlyCount "84"]
[EventDate "2001.07.16"]
[EventType "swiss"]
[EventRounds "11"]
[EventCountry "DEN"]
[SourceDate "2004.01.01"]

1. Nf3 d5 2. g3 c5 3. Bg2 Nc6 4. d4 cxd4 5. Nxd4 e5 6. Nb3 Be6 7. O-O Nf6 8.
Bg5 Be7 9. Nc3 d4 10. Bxf6 gxf6 11. Ne4 Qb6 12. Qd2 h6 13. Qc1 Rc8 14. c3 Nb4
15. Ned2 a5 16. a3 Na6 17. Qd1 dxc3 18. bxc3 Rxc3 19. Rb1 Bxa3 20. Nc1 Bb4 21.
Nd3 Qc7 22. Ne4 Rc4 23. Nxf6+ Ke7 24. Nd5+ Bxd5 25. Bxd5 Rc3 26. e4 h5 27. Nc1
Nc5 28. Na2 Rd3 29. Qc1 Ne6 30. Qb2 Rd2 31. Qb3 Nd4 32. Qe3 Re2 33. Qg5+ Kf8
34. Qf6 Rh7 35. Nxb4 axb4 36. Rxb4 Qe7 37. Qxe7+ Kxe7 38. Rxb7+ Kf6 39. f4 h4
40. Rb6+ Ke7 41. f5 hxg3 42. f6+ Kd7 0-1

[Event "23. Copenhagen Open  (Politiken Cup)"]
[Site "Copenhagen"]
[Date "2001.07.26"]
[Round "11"]
[White "van Dijk, Thomas"]
[Black "Aird, Ian"]
[Result "1-0"]
[WhiteElo "1999"]
[BlackElo "2136"]
[PlyCount "35"]
[EventDate "2001.07.16"]
[EventType "swiss"]
[EventRounds "11"]
[EventCountry "DEN"]
[SourceDate "2004.01.01"]

1. d4 d5 2. c4 c6 3. Nf3 Nf6 4. Nc3 dxc4 5. a4 Bf5 6. Ne5 Nbd7 7. Nxc4 Nd5 8.
g3 Qc7 9. Bg2 Nxc3 10. bxc3 e5 11. O-O Be6 12. Qd3 Rd8 13. e4 Nc5 14. Qe2 Nb3
15. d5 cxd5 16. exd5 Bxd5 17. Nxe5 Nxc1 18. Qb5+ 1-0